00430nam a2200169Ia 4500008004100000020001800041245002800059245005700087260001500144260001600159260000900175300001500184300002500199300001000224500000700234999001900241170705s9999 xx 000 0 und d a9780439350709 aJack plays the violin / cby Jessica Schiltz ; illustrated by Luisa D'Augusta. aNew York : bScholastic, c2002 a16 pages : bcolor illustration ; c21cm. aBR c337150d337150